000 00838nam a2200265 i 4500
001 000028491
003 DO-SdBNP
005 20241216092107.0
007 ta
008 110408s1996 dr ac 000 0 spa d
040 _aDO-SdBNP
_bspa
_cBNPHU
_erda
041 _hspa
082 _axxx
_bI37a
_222
245 0 1 _aArístides Incháustegui :
_btenor dominicano /
_cedicion al cuidado Rafael Bello Peguero, Pbro.
264 _aSanto Domingo :
_bAmigo del Hogar,
_c1996.
300 _a28 páginas ;
_c21 cm.
336 _ardacontent
_btexto
_2txt
337 _ardamedia
_bsin mediación
_2n
338 _ardacarrier
_bvolumen
_2nc
504 _aIncluye referencias bibliográficas al pie de las páginas
590 _aInventariado, 2024/DG
700 1 _aBello Peguero, Rafael,
_d1932-2022
_eeditor
_92405
910 _aDG
942 _2ddc
_cLBS1
999 _c27983
_d27983